| 000 | 00520nam a22001337a 4500 | ||
|---|---|---|---|
| 999 |
_c6987 _d6987 |
||
| 008 | 200408b ||||| |||| 00| 0 eng d | ||
| 020 | _a978-9987-615-58-2 | ||
| 100 | _aMWAKAPUGI,A RTHUR | ||
| 245 |
_aThe Tanzanian Energy Sector _bThe Potential for creation snd productivity gains through expanded electrification _cArthur Mwakapugi,Waheeda Samji and Sean Smith _hEnglish |
||
| 260 |
_aDar Es Salaam _bResearch on Poverty Alleviation _c2010 |
||
| 300 |
_axi,83p. _bIllustration _c27cm |
||
| 650 | _2Repoa | ||
| 942 |
_2ddc _cBOOKS |
||